000 00683cam a2200241 4500500
005 20260329003106.0
041 _afre
042 _adc
100 1 0 _aDuru, Martin
_eauthor
245 0 0 _aSimone Weil et l’enracinement
260 _c2014.
500 _a88
690 _aenracinement
690 _aFoi
690 _aForce
690 _aJacques Julliard
690 _aMichel Lussault
690 _aMondialisation
690 _aPierre Pachet
690 _aSimone Weil
786 0 _nPhilosophie magazine | 83 | 10 | 2014-10-01 | p. 46-46 | 1951-1787
856 4 1 _uhttps://shs.cairn.info/magazine-philosophie-magazine-2014-10-page-46?lang=fr&redirect-ssocas=7080
999 _c1821376
_d1821376